Statystyki dla Poznaj model samolotu 2

Kliknij tutaj aby rozwiązać quiz!

Ogólne statystyki

  • Ten quiz został rozwiązany 23 razy
  • Średni wynik to 6 z 16

Statystyki odpowiedzi

Odpowiedź% Poprawnych
Embraer 170
75%
Embraer 175
75%
Embraer 190
75%
Airbus A330
63%
ATR 72
44%
Airbus A321
38%
Bombardier Q400
38%
McDonnell Douglas MD-80
38%
McDonnell Douglas MD-90
38%
Tupolev Tu-154
38%
Saab 2000
25%
Bombardier CRJ900
19%
Cessna Citation
19%
Fokker 100
19%
Iłuszyn Il-62M
13%
Tecnam P2006T
6%

Rozkład punktacji

Percentyl według liczby udzielonych odpowiedzi

Procent ludzi z każdym wynikiem

Twoja historia wyników

Nie rozwiązałeś tego quizu